[Event "HUN-chT U18"]
[Site "Budapest"]
[Date "2015.08.26"]
[Round "1.12"]
[White "Losonczi, Marcell"]
[Black "Pasztor, Bence"]
[Result "1-0"]
[WhiteElo "1732"]
[BlackElo "1480"]
[PlyCount "121"]
[EventDate "2015.08.26"]
[EventType "team-swiss"]
[EventRounds "8"]
[EventCountry "HUN"]
[SourceTitle "EXT 2016"]
[Source "ChessBase"]
[SourceDate "2015.10.08"]
[SourceVersion "1"]
[SourceVersionDate "2015.10.08"]
[SourceQuality "1"]

1. e4 e5 2. Bc4 Nf6 3. d3 Nc6 4. Nc3 Bc5 5. f4 d6 6. Nf3 Bg4 7. h3 Bxf3 8. Qxf3 Nd4 9. Qg3 Qe7 10. Bb3 0-0-0 11. f5 g6 12. Bg5 c6 13. fxg6 fxg6 14. Rf1 Nh5 15. Qg4+ Qd7 16. Bxd8 Rxd8 17. Qxd7+ Rxd7 18. 0-0-0 Nf4 19. g3 Nxh3 20. Na4 Nxb3+ 21. axb3 Bb4 22. Rf8+ Rd8 23. Rxd8+ Kxd8 24. c3 Ba5 25. b4 Bc7 26. c4 h5 27. Rf1 Ke7 28. b5 Ng5 29. bxc6 bxc6 30. Nc3 Ne6 31. Ne2 Nc5 32. Kc2 Bb6 33. Ng1 Nd7 34. Nf3 Nf6 35. Kc3 Bc7 36. Re1 c5 37. Rf1 Ba5+ 38. Kb3 Bd8 39. Ka4 a6 40. b4 cxb4 41. Kxb4 Nd7 42. Nh4 g5 43. Nf5+ Ke6 44. Ng7+ Ke7 45. Nxh5 Nc5 46. Kc3 a5 47. Ng7 a4 48. Nf5+ Kd7 49. Ne3 Ba5+ 50. Kc2 Na6 51. Nd5 Nb4+ 52. Nxb4 Bxb4 53. Rf5 g4 54. Rg5 Kc6 55. Rxg4 Kc5 56. Rg8 Kd4 57. g4 a3 58. Kb3 Bd2 59. g5 Kxd3 60. g6 Kxe4 61. Rh8 1-0

[Event "Tatabanya Regional-ch"]
[Site "Tatabanya"]
[Date "2014.12.29"]
[Round "5"]
[White "Pasztor, Bence"]
[Black "Nemeth, Zoltan"]
[Result "1-0"]
[WhiteElo "1563"]
[BlackElo "1420"]
[PlyCount "65"]
[EventDate "2014.12.27"]
[EventType "swiss"]
[EventRounds "7"]
[EventCountry "HUN"]
[SourceTitle "CBM 164 Extra"]
[Source "ChessBase"]
[SourceDate "2015.03.02"]
[SourceVersion "1"]
[SourceVersionDate "2015.03.02"]
[SourceQuality "1"]

1. e4 e5 2. Nf3 Nc6 3. Bc4 Bc5 4. c3 Nf6 5. d3 0-0 6. 0-0 h6 7. Nbd2 d6 8. Bb3 d5 9. exd5 Nxd5 10. Ne4 Be7 11. d4 exd4 12. cxd4 Nf6 13. Bc2 Nb4 14. Nxf6+ Bxf6 15. Be4 Bg5 16. Nxg5 hxg5 17. a3 Nc6 18. d5 Ne5 19. f4 gxf4 20. Bxf4 Ng6 21. Qd3 f5 22. Qc4 Kh8 23. Bxc7 Qh4 24. Bd3 Qxc4 25. Bxc4 Bd7 26. Rf3 f4 27. Bd3 Nh4 28. Rxf4 Rxf4 29. Bxf4 Rf8 30. Bd6 Rf6 31. Be7 Rh6 32. Rf1 Ng6 33. Bg5 1-0

[Event "Tatabanya Regional-ch"]
[Site "Tatabanya"]
[Date "2014.12.28"]
[Round "4"]
[White "Gyuricsek, Szilard"]
[Black "Pasztor, Bence"]
[Result "0-1"]
[WhiteElo "1274"]
[BlackElo "1563"]
[PlyCount "138"]
[EventDate "2014.12.27"]
[EventType "swiss"]
[EventRounds "7"]
[EventCountry "HUN"]
[SourceTitle "CBM 164 Extra"]
[Source "ChessBase"]
[SourceDate "2015.03.02"]
[SourceVersion "1"]
[SourceVersionDate "2015.03.02"]
[SourceQuality "1"]

1. e4 e5 2. Nf3 Nc6 3. d4 exd4 4. Nxd4 Bc5 5. Be3 Qf6 6. c3 Nge7 7. Nc2 Bxe3 8. Nxe3 d6 9. Bc4 0-0 10. 0-0 Qg6 11. Qf3 Ne5 12. Qg3 Qxe4 13. Nd2 Qc6 14. Bb3 Nf5 15. Nxf5 Bxf5 16. Rfe1 Rfe8 17. Qf4 Be6 18. Bc2 Ng6 19. Bxg6 fxg6 20. Ne4 Bd5 21. Ng5 Bxa2 22. Rxe8+ Rxe8 23. h3 Qd5 24. Qh4 h6 25. Nf3 Bc4 26. Qg4 Qf7 27. Nh4 g5 28. Nf3 a6 29. Re1 Rxe1+ 30. Nxe1 Be6 31. Qb4 b6 32. Nf3 Bd5 33. Qg4 a5 34. Qc8+ Kh7 35. Qg4 Qf4 36. Qxf4 gxf4 37. Nd4 Bc4 38. f3 a4 39. Kf2 g5 40. g3 fxg3+ 41. Kxg3 Kg6 42. f4 gxf4+ 43. Kxf4 h5 44. h4 Kf6 45. Ke4 c5 46. Nc6 d5+ 47. Kf4 Bb5 48. Ne5 Be8 49. Nf3 b5 50. Nd2 b4 51. cxb4 cxb4 52. Nb1 Bd7 53. Nd2 Bg4 54. Nb1 Ke6 55. Ke3 Ke5 56. Nd2 Bd1 57. Nb1 d4+ 58. Kd3 Bg4 59. Nd2 Kd5 60. Kc2 Bf5+ 61. Kd1 a3 62. bxa3 bxa3 63. Nb3 Kc4 64. Na1 Kc3 65. Kc1 d3 66. Nc2 d2+ 67. Kb1 d1Q+ 68. Ka2 Qxc2+ 69. Ka1 Qb2# 0-1

[Event "Tatabanya Regional-ch"]
[Site "Tatabanya"]
[Date "2014.12.27"]
[Round "2"]
[White "Uhrin, Milan"]
[Black "Pasztor, Bence"]
[Result "0-1"]
[WhiteElo "1437"]
[BlackElo "1563"]
[PlyCount "130"]
[EventDate "2014.12.27"]
[EventType "swiss"]
[EventRounds "7"]
[EventCountry "HUN"]
[SourceTitle "CBM 164 Extra"]
[Source "ChessBase"]
[SourceDate "2015.03.02"]
[SourceVersion "1"]
[SourceVersionDate "2015.03.02"]
[SourceQuality "1"]

1. e4 e5 2. Nf3 Nc6 3. Bc4 Nf6 4. d3 h6 5. Nc3 g6 6. h3 Bg7 7. d4 Nxe4 8. dxe5 Nxc3 9. bxc3 Nxe5 10. Nxe5 Bxe5 11. Qf3 Qf6 12. Qxf6 Bxf6 13. Bb2 0-0 14. 0-0 d6 15. Rfe1 Bd7 16. Re2 Rfe8 17. Rae1 c6 18. Re3 d5 19. Bb3 b5 20. Kf1 b4 21. Rf3 Rxe1+ 22. Kxe1 Bg7 23. Kf1 a5 24. Ba4 Rc8 25. Bb3 Bf5 26. Re3 bxc3 27. Ba3 d4 28. Re7 Rf8 29. Ra7 Rd8 30. Rxf7 Kh8 31. g4 Be4 32. Re7 Bd5 33. Bc1 Bxb3 34. axb3 c5 35. Ke2 Kg8 36. Kd3 Rf8 37. f4 Ra8 38. Kc4 a4 39. Ba3 axb3 40. Kxb3 Bf8 41. Re6 Kf7 42. f5 gxf5 43. gxf5 c4+ 44. Kxc4 Rxa3 45. Kxd4 Bg7+ 46. Kd3 Ra5 47. Ke4 Bf6 48. Rc6 Re5+ 49. Kf4 Re7 50. h4 h5 51. Rc8 Rd7 52. Rc4 Rd4+ 53. Rxd4 Bxd4 54. Kg5 Be3+ 55. Kxh5 Kf6 56. Kg4 Ke5 57. h5 Bh6 58. f6 Kxf6 59. Kf3 Kg5 60. Ke2 Kxh5 61. Kd3 Bg7 62. Kc4 Kg4 63. Kd3 Kf3 64. Kc4 Ke2 65. Kb3 Kd2 0-1

[Event "Tatabanya Genius Cup 2nd"]
[Site "Tatabanya"]
[Date "2014.08.31"]
[Round "3"]
[White "Bak, Tamas"]
[Black "Pasztor, Bence"]
[Result "1/2-1/2"]
[WhiteElo "1857"]
[BlackElo "1523"]
[PlyCount "61"]
[EventDate "2014.08.31"]
[EventType "swiss"]
[EventRounds "6"]
[EventCountry "HUN"]
[SourceTitle "EXT 2019"]
[Source "ChessBase"]
[SourceDate "2018.10.10"]
[SourceVersion "1"]
[SourceVersionDate "2018.10.10"]
[SourceQuality "1"]

1. e4 e5 2. Nf3 Nc6 3. Bc4 Nf6 4. 0-0 Bc5 5. d3 d6 6. c3 0-0 7. b4 Bb6 8. Bg5 h6 9. Bh4 Re8 10. a4 a6 11. Nbd2 Ne7 12. Bxf6 gxf6 13. Nh4 d5 14. exd5 Nxd5 15. Qh5 Kg7 16. Ne4 Qd7 17. Ng3 Rh8 18. Ngf5+ Kf8 19. g3 c6 20. Rfe1 Bc7 21. d4 Rh7 22. dxe5 Bxe5 23. Rad1 Bxc3 24. Re4 b5 25. Bxd5 cxd5 26. Re7 Qd8 27. Rxf7+ Rxf7 28. Qxh6+ Kg8 29. Qg6+ Kf8 30. Qh6+ Kg8 31. Qg6+ 1/2-1/2